000 00579nam a22001937a 4500
005 20230327121530.0
008 230327b sp ||||| |||| 00| 0 spa d
020 _a8427802399
050 0 4 _aNK2110
_bS25 1978
100 1 _aSalisachs, Mercedes.
245 1 3 _aLa decoración
_c/ Mercedes Salisachs.
250 _a8a ed.
260 _aBarcelona, España :
_bEdiciones Nauta,
_c1978.
300 _a295 p. :
_bil. ;
_c25 cm.
490 0 _aEnciclopedia Femenina Nauta.
500 _aIncluye índice.
650 7 _2lemb
_aDecoración de interiores
_vEnciclopedia
942 _2lcc
_cLIB
999 _c60610
_d60610